Missing Word: Move-ies Quiz Stats

 Plays Quiz Updated Dec 18, 2012

     
Support Sporcle.
Go Orange.
Score 0/20 Timer 02:00
0 Plays Today
Movie Missing Word % Correct
Guess Who's _____ to DinnerComing
95%
Star War episode V: the Empire ______ BackStrikes
94.2%
Good Will _____Hunting
93.6%
Red _____ HoodRiding
93.1%
One _____ over the Cuckoo's NestFlew
91.7%
Mr. Smith _____ to WashingtonGoes
91.4%
The Dark Knight _____Rises
87.8%
Dead Man ______Walking
87.4%
White Men Can't _____Jump
87%
_____ Tiger, Hidden DragonCrouching
85.9%
Movie Missing Word % Correct
______ Miss DaisyDriving
85.8%
_____ By MeStand
85%
______ ClubFight
84.6%
______ with WolvesDances
82.3%
_____-Drunk LovePunch
69.9%
________ ArizonaRaising
65%
_____-AssKick
62.9%
______ for ColumbineBowling
58.6%
____ Lola ____Run
57.6%
The ______ Bell and the ButterflyDiving
24.9%

Today's Daily Dose

Get the Picture
Alien TV Shows

From the Vault

Hidden Vertical Tricolor Flags

by RoBeeLox

Alternatively, you can see this as a really, really long flag.
Remove Ads.
Support Sporcle.
Get the best of Sporcle when you Go Orange. This ad-free experience offers more features, more stats, and more fun while also helping to support Sporcle. Thank you for becoming a member.

Show Comments

Extras

Top Quizzes Today


Score Distribution

Your Account Isn't Verified!

In order to create a playlist on Sporcle, you need to verify the email address you used during registration. Go to your Sporcle Settings to finish the process.

Report this User

Report this user for behavior that violates our Community Guidelines.

Details: